000 00429nam a2200169 a 4500
001 0000-9346
003 ELIB.Books
008 110520 1977
035 _a(ELIB.Books)0000-9498
082 _a248.86
_bYan
100 _aYancey, Philip
245 _aWhere is God
260 _bGrand Rapids: Zondervan Publishing House
_c1977
650 _aChristian Life
942 _2ddc
_cBK
998 _cbat
_e2011-05-20
999 _c9346
_d9346